Rocky Horror Picture Show - Science Fiction Lyrics - Statistics

General Stats
  • This quiz has been taken 33 times
  • The average score is 201 of 270
Answer Stats
Answer % Correct
a
100%
And
100%
and
100%
Brad
100%
G
100%
I
100%
Janet
100%
the
100%
Double
96%
double
96%
feature
96%
fiction
96%
go
96%
in
96%
Science
96%
to
96%
To
96%
us
96%
When
96%
when
96%
For
91%
got
91%
Then
91%
was
91%
we
91%
build
87%
creature
87%
day
87%
earth
87%
man
87%
oh
87%
there
87%
told
87%
Will
87%
Doctor
83%
invisible
83%
picture
83%
show
83%
silver
83%
some
83%
still
83%
stood
83%
underwear
83%
X
83%
androids
78%
at
78%
At
78%
Gordon
78%
he
78%
ill
78%
king
78%
kong
78%
late
78%
night
78%
stand
78%
They
78%
where
78%
wo
78%
But
74%
caught
74%
fay
74%
fight
74%
fighting
74%
Flash
74%
from
74%
how
74%
really
74%
See
74%
something
74%
went
74%
wrong
74%
came
70%
hot
70%
is
70%
jam
70%
Michael
70%
saw
70%
space
70%
this
70%
outer
65%
planet
65%
Rennie
65%
Scott
65%
that
65%
Claude
61%
deadly
61%
Forbidden
61%
Francis
61%
It
61%
kills
61%
pace
61%
poison
61%
Rains
61%
ran
61%
spits
61%
celluloid
57%
message
57%
prunes
57%
stars
57%
barrel
52%
collide
52%
gave
52%
George
52%
hills
52%
him
52%
of
52%
over
52%
runes
52%
took
52%
wray
52%
you
52%
Andrews
48%
back
48%
Dana
48%
Leo
48%
said
48%
Said
48%
skills
48%
tarantula
48%
wanna
48%
worlds
48%
Anne
43%
bride
43%
Carroll
43%
his
43%
I'm
43%
knew
43%
lots
43%
ooh
43%
row
43%
thrills
43%
triffid
43%
used
43%
give
39%
gonna
39%
Like
39%
Pal
39%
passing
39%
terrible
39%
them
35%
Janette
30%
By
22%
rko
17%
andriods
0%
No matching quizzes found
Score Distribution
Percent of People with Each Score
Percentile by Number Answered
Your Score History
You have not taken this quiz